Wealth from waste (Record no. 308483)

MARC details
000 -LEADER
fixed length control field 00378nam a2200145Ia 4500
008 - FIXED-LENGTH DATA ELEMENTS--GENERAL INFORMATION
fixed length control field 191130s9999##################000#0#eng##
020 ## - INTERNATIONAL STANDARD BOOK NUMBER
ISBN 978-8176488235
082 ## - DEWEY DECIMAL CLASSIFICATION NUMBER
Classification number 330.16 AGA
245 ## - TITLE STATEMENT
Title Wealth from waste
Statement of responsibility, etc S.K. Agarwal
260 ## - PUBLICATION, DISTRIBUTION, ETC. (IMPRINT)
Name of publisher [publisher not identified]
991 ## -
-- 43315
Holdings
Withdrawn status Lost status Damaged status Not for loan Home library Current library Shelving location Date acquired Full call number Accession Number Price effective from Koha item type
        Anna Centenary Library Anna Centenary Library 4TH FLOOR, A WING 15.10.2020 330.16 AGA 369444 15.10.2020 English Books

Find us on the map